000 00459nam a2200193Ia 4500
008 240509s9999 xx 000 0 und d
020 _a0000201154420
041 _aEng
082 _a006.6
082 _bW17
100 _aWATT, Alan
245 0 _aFundamentals of three-dimenstional computer graphics
260 _bWokingham : Addison - Wesley
260 _c1989
300 _a430 p.
650 _aComputer graphics
942 _2ddc
942 _cLBK
999 _c22304
_d22304
945 _a1
_bMadushi Gamage
_c1
_dMadushi Gamage